00550nam a2200169Ia 4500001000900000003000500009005001700014008004100031010001100072040000900083082001500092240009900107245007600206260006400282300001100346650002300357dia_2244CHAP20251023173945.0220117s1962 xx 000 0 und d a172763 cCHAP a641.14 S94 aSymposium on Foods: Lipids and Their Oxidation; Oregon State University edited by H.W. Schultz aSymposium on Foods: Lipids and Their Oxidation; Oregon State University aWestport, Connecticut :b the Avi Publishing Company,c1962 a442 p. a1.Aceites y grasas